000 00710nam a2200289Ia 4500
005 20260324145241.0
008 008 260324s9999 xx 000 0 eng d
020 _a9781315745015
037 _aEBOOK
040 _aCRL
040 _beng
040 _cCRL
041 _2eng
041 _aeng
084 _qCRL
100 _aYusuf A. Sayigh
_91222299
245 0 _aArab Oil Policies in the 1970s (RLE Economy of Middle East)
245 0 _bOpportunity and Responsibility
260 _bTaylor and Francis
260 _c1983
365 _a
365 _b145
856 _uhttp://www.taylorfrancis.com/books/9781315745015
942 _cEBOOK
999 _c1829935
_d1829935